R (on the application of Candlish) v Hastings BC (Record no. 75671)
[ view plain ]
| 000 -LEADER | |
|---|---|
| fixed length control field | 02330cab a2200265 4500 |
| 001 - CONTROL NUMBER | |
| control field | L130518 |
| 008 - FIXED-LENGTH DATA ELEMENTS--GENERAL INFORMATION | |
| fixed length control field | 050808n2005 000 0 eng u |
| 035 ## - SYSTEM CONTROL NUMBER | |
| System control number | (Sirsi) u130518 |
| 041 ## - LANGUAGE CODE | |
| Language code of text/sound track or separate title | eng |
| 245 ## - TITLE STATEMENT | |
| Title | R (on the application of Candlish) v Hastings BC |
| 260 ## - PUBLICATION, DISTRIBUTION, ETC. | |
| Date of publication, distribution, etc. | 2005 |
| 490 ## - SERIES STATEMENT | |
| Series statement | Estates Gazette |
| Volume/sequential designation | [2005] 29 EG 98(1) |
| 520 ## - SUMMARY, ETC. | |
| Summary, etc. | [2005] EWHC 1539 (Admin), 14 July 2005. Discusses whether Sched 2 of the Town and Country Planning (Environment Impact Assessment) (England and Wales) Regulations 1999 should apply to the first phase of a phased development. The development was a 67ha site that the interested party planned to develop for residential, office and retail purposes. The defendants, the local planning authority (H), had granted permission having determined that the phase I application fell outside Sched 2 and therefore did not require an Environmental Impact Assessment (EIA). A local resident, Candlish (C) opposed the development and brought a claim for a judicial review, arguing that the whole development fell within Sched 2 of the Regulations. C claimed that the development needed an EIA as per Directive 85/337/EEC Art 2(1) prior to development consent being given since phase I had no meaningful existence of its own but related to the overall project and that splitting the project and the applications in two would circumvent the requirements of the Directive and the Regulations. "Held": the claim was dismissed. The Regulations clearly showed that determining the necessity for an EIA would only arise if the application had been assessed as a Sched 2 application. |
| 590 ## - LOCAL NOTE (RLIN) | |
| Local note | IKA160805 |
| 650 ## - SUBJECT ADDED ENTRY--TOPICAL TERM | |
| Topical term or geographic name entry element | R V HASTINGS VC EX P CANDLISH |
| 650 ## - SUBJECT ADDED ENTRY--TOPICAL TERM | |
| Topical term or geographic name entry element | TOWN AND COUNTRY PLANNING (ENVIRONMENT IMPACT ASSESSMENT)(ENGLAND AND WALES) REGULATIONS 1999 SCHEDULE 2 |
| 650 ## - SUBJECT ADDED ENTRY--TOPICAL TERM | |
| Topical term or geographic name entry element | R V LEWISHAM LBC EX PGOODMAN |
| 650 ## - SUBJECT ADDED ENTRY--TOPICAL TERM | |
| Topical term or geographic name entry element | DIRECTIVE 85/337/EEC |
| 650 ## - SUBJECT ADDED ENTRY--TOPICAL TERM | |
| Topical term or geographic name entry element | BUND NATURSCHURTZ IN BAYERN EV V FREISTAAT BAYERN |
| 650 ## - SUBJECT ADDED ENTRY--TOPICAL TERM | |
| Topical term or geographic name entry element | AANNEMERSBEDRIJF PK KRAAIJEVELD BV V GEDEPUTEERDE STATEN VAN ZUID-HOLLAND |
| 650 ## - SUBJECT ADDED ENTRY--TOPICAL TERM | |
| Topical term or geographic name entry element | BERKELEY V SOS ENVIRONMENT, TRANSPORT AND THE REGIONS (NO 3) |
| 650 ## - SUBJECT ADDED ENTRY--TOPICAL TERM | |
| Topical term or geographic name entry element | R V SWALE BC EX P ROYAL SOCIETY FOR THE PROTECTION OF BIRDS |
| 690 ## - LOCAL SUBJECT ADDED ENTRY--TOPICAL TERM (OCLC, RLIN) | |
| Topical term or geographic name as entry element | ENVIRONMENTAL AND LAND CONSULTANCY-ENVIRONMENTAL MANAGEMENT-ENVIRONMENTAL ASSESSMENT-ENVIRONMENTAL IMPACT ASSESSMENT |
| 942 ## - ADDED ENTRY ELEMENTS (KOHA) | |
| Suppress in OPAC | 0 |
| Withdrawn status | Lost status | Source of classification or shelving scheme | Damaged status | Not for loan | Home library | Current library | Shelving location | Date acquired | Total Checkouts | Full call number | Barcode | Date last seen | Copy number | Price effective from | Koha item type |
|---|---|---|---|---|---|---|---|---|---|---|---|---|---|---|---|
| Dewey Decimal Classification | London | London | Journal article | 08/08/2005 | L130518 | 130518-1001 | 06/08/2019 | 1 | 06/08/2019 | Journal article |